Municipalities of Badajoz (Spain) - Statistics

General Stats
  • This quiz has been taken 47 times
  • The average score is 42 of 165
Answers on the Map
Answers color-coded by a green-red scale on the quiz's map according to % correct below.
 
Answer Stats
Municipality % Correct
Badajoz
100%
Don Benito
95%
Mérida
95%
Villanueva de la Serena
86%
Zafra
82%
Almendral
77%
Jerez de los Caballeros
77%
Almendralejo
73%
Olivenza
73%
Alburquerque
68%
Azuaga
68%
Castuera
64%
Monesterio
64%
Villafranca de los Barros
64%
Fuente de Cantos
59%
Montijo
59%
Fregenal de la Sierra
50%
Los Santos de Maimona
50%
Campanario
45%
Llerena
45%
Medellín
45%
Cabeza del Buey
41%
Fuente del Maestre
41%
Herrera del Duque
41%
La Zarza
41%
Malcocinado
41%
Puebla de Sancho Pérez
41%
Talavera la Real
41%
Barcarrota
36%
Fuentes de León
36%
La Parra
36%
Quintana de la Serena
36%
San Pedro de Mérida
36%
Zalamea de la Serena
36%
Alange
32%
Benquerencia de la Serena
32%
Bienvenida
32%
Bodonal de la Sierra
32%
Burguillos del Cerro
32%
Cabeza la Vaca
32%
Calamonte
32%
Calera de León
32%
Calzadilla de los Barros
32%
Feria
32%
Higuera la Real
32%
La Coronada
32%
La Haba
32%
Santa Amalia
32%
Siruela
32%
Zahínos
32%
Ahillones
27%
Arroyo de San Serván
27%
Berlanga
27%
Casas de Don Pedro
27%
Oliva de la Frontera
27%
Orellana la Vieja
27%
Puebla de la Calzada
27%
Santa Marta
27%
Talarrubias
27%
Valencia del Ventoso
27%
Zarza Capilla
27%
Aceuchal
23%
Alconchel
23%
Aljucén
23%
Castilblanco
23%
Cheles
23%
Cordobilla de Lácara
23%
Guadiana
23%
Guareña
23%
Helechosa de los Montes
23%
La Codosera
23%
Lobón
23%
Malpartida de la Serena
23%
Montemolín
23%
Navalvillar de Pela
23%
Peñalsordo
23%
Peraleda del Zaucejo
23%
Pueblonuevo del Guadiana
23%
Reina
23%
San Vicente de Alcántara
23%
Trujillanos
23%
Usagre
23%
Alconera
18%
Capilla
18%
Carmonita
18%
Casas de Reina
18%
Entrín Bajo
18%
Fuenlabrada de los Montes
18%
Fuente del Arco
18%
Granja de Torrehermosa
18%
Hinojosa del Valle
18%
La Albuera
18%
La Lapa
18%
La Roca de la Sierra
18%
Puebla del Maestre
18%
Sancti-Spíritus
18%
Valverde de Leganés
18%
Villagonzalo
18%
Atalaya
14%
Baterno
14%
Corte de Peleas
14%
Cristina
14%
Don Álvaro
14%
Esparragalejo
14%
Esparragosa de Lares
14%
Garbayuela
14%
Hornachos
14%
La Garrovilla
14%
La Nava de Santiago
14%
Medina de las Torres
14%
Mengabril
14%
Mirandilla
14%
Nogales
14%
Orellana de la Sierra
14%
Puebla de Obando
14%
Rena
14%
Salvaleón
14%
Segura de León
14%
Táliga
14%
Torremejía
14%
Valencia del Mombuey
14%
Valverde de Llerena
14%
Valverde de Mérida
14%
Acedera
9%
Campillo de Llerena
9%
El Carrascalejo
9%
Esparragosa de la Serena
9%
Higuera de la Serena
9%
Higuera de Llerena
9%
La Morera
9%
Llera
9%
Magacela
9%
Oliva de Mérida
9%
Palomas
9%
Puebla de Alcocer
9%
Puebla del Prior
9%
Ribera del Fresno
9%
Risco
9%
Salvatierra de los Barros
9%
Solana de los Barros
9%
Tamurejo
9%
Torre de Miguel Sesmero
9%
Torremayor
9%
Valdecaballeros
9%
Valle de la Serena
9%
Valle de Matamoros
9%
Valle de Santa Ana
9%
Valverde de Burguillos
9%
Villagarcía de la Torre
9%
Villalba de los Barros
9%
Villanueva del Fresno
9%
Higuera de Vargas
5%
Maguilla
5%
Manchita
5%
Monterrubio de la Serena
5%
Puebla de la Reina
5%
Retamal de Llerena
5%
Trasierra
5%
Valdelacalzada
5%
Valdetorres
5%
Valencia de las Torres
5%
Villar del Rey
5%
Villar de Rena
5%
Villarta de los Montes
5%
Garitos
0%
No matching quizzes found
Score Distribution
Percent of People with Each Score
Percentile by Number Answered
Your Score History
You have not taken this quiz